000 00661nam a22002297a 4500
005 20170123162355.0
010 _a022705
020 _c2.12
035 _a022705
037 _bCen Lib/Ret
040 _aDPL
_bUR
082 _a843
_bف ک ر
100 _aفکر تونسوی
_9142800
245 _a/ساتوا ں شاستر
_cفکر تونسوی
246 _aSatwan shastr /
_bby Fakar Tunasvi
260 _aدہلی
_bمکتبہ شاہراہ
_c1950
270 _bدہلی
300 _a202p.
_c15cm(Hb)
650 _aادب -- اردو
_9142801
650 _aLiterature -- Urdu
_9142802
942 _2ddc
_cUR
_h843
_mف ک ر
999 _c109544
_d109544